[Event "Bunratty Masters 26th"]
[Site "Bunratty"]
[Date "2019.02.23"]
[Round "4"]
[White "Wolferink, Frans"]
[Black "Flynn, Jacob"]
[Result "1-0"]
[WhiteElo "2086"]
[BlackElo "1991"]
[PlyCount "67"]
[EventDate "2019.02.22"]
[EventType "swiss"]
[EventRounds "6"]
[EventCountry "IRL"]
[SourceTitle "EXT 2024"]
[Source "ChessBase"]
[SourceDate "2023.10.10"]
[SourceVersion "1"]
[SourceVersionDate "2023.10.10"]
[SourceQuality "1"]

1. e4 c5 2. Nf3 e6 3. d4 cxd4 4. Nxd4 a6 5. Nc3 Qc7 6. g3 b5 7. Bg2 Bb7 8. 0-0 d6 9. Re1 Nd7 10. Bg5 Ngf6 11. a4 b4 12. Nd5 exd5 13. exd5+ Kd8 14. Qe2 Kc8 15. Qe8+ Qd8 16. Qxf7 Ne5 17. Qe6+ Qd7 18. f4 Qxe6 19. Nxe6 Ng6 20. Bxf6 gxf6 21. a5 Kb8 22. Ra4 Ka7 23. Rxb4 Rc8 24. c4 Bh6 25. b3 Nf8 26. Nd4 Nd7 27. Bh3 Rcd8 28. Re7 Nc5 29. Nc6+ Ka8 30. Nxd8 Rxd8 31. Rxh7 Bf8 32. Rf7 Re8 33. Bf5 Be7 34. Bg6 1-0

[Event "Bunratty Masters op 25th"]
[Site "Bunratty"]
[Date "2018.02.24"]
[Round "3"]
[White "Wolferink, Frans"]
[Black "Scallan, Fiachra"]
[Result "1/2-1/2"]
[WhiteElo "2086"]
[BlackElo "1927"]
[PlyCount "64"]
[EventDate "2018.02.23"]
[EventType "swiss"]
[EventRounds "6"]
[EventCountry "IRL"]
[SourceTitle "CBM 183 Extra"]
[Source "ChessBase"]
[SourceDate "2018.04.19"]
[SourceVersion "1"]
[SourceVersionDate "2018.04.19"]
[SourceQuality "1"]

1. e4 e6 2. d4 d5 3. Nc3 Bb4 4. exd5 exd5 5. Bd3 Nf6 6. a3 Bd6 7. Bg5 c6 8. Qf3 Bg4 9. Qe3+ Be6 10. Nf3 h6 11. Bf4 Qc7 12. Bxd6 Qxd6 13. Ne2 Nbd7 14. 0-0 0-0 15. h3 Rfe8 16. Ne5 c5 17. c3 Qb6 18. f4 c4 19. Bc2 Qxb2 20. Ba4 Bf5 21. Ng3 Bd3 22. Rfc1 Qb6 23. Qd2 Nxe5 24. Bxe8 Rxe8 25. fxe5 Rxe5 26. Qf4 Re8 27. Ra2 Qb3 28. Rf2 Bg6 29. Qd6 Re3 30. Nf5 Bxf5 31. Rxf5 Rxc3 32. Rcf1 Qb6 1/2-1/2

[Event "Bunratty Masters op 25th"]
[Site "Bunratty"]
[Date "2018.02.23"]
[Round "1"]
[White "Wolferink, Frans"]
[Black "Bates, Richard"]
[Result "0-1"]
[WhiteElo "2086"]
[BlackElo "2364"]
[PlyCount "104"]
[EventDate "2018.02.23"]
[EventType "swiss"]
[EventRounds "6"]
[EventCountry "IRL"]
[SourceTitle "CBM 183 Extra"]
[Source "ChessBase"]
[SourceDate "2018.04.19"]
[SourceVersion "1"]
[SourceVersionDate "2018.04.19"]
[SourceQuality "1"]

1. e4 c5 2. Nf3 d6 3. d4 cxd4 4. Nxd4 Nf6 5. Nc3 a6 6. g3 e5 7. Nde2 Nbd7 8. Bg2 b5 9. Nd5 Nxd5 10. Qxd5 Nb6 11. Qd3 Be6 12. Nc3 Be7 13. Nd5 Nxd5 14. exd5 Bd7 15. f4 exf4 16. Bxf4 0-0 17. 0-0 Bg5 18. Qd2 Bxf4 19. Qxf4 Qb6+ 20. Kh1 Rac8 21. Rae1 Rc4 22. Re4 Rxe4 23. Bxe4 b4 24. h4 f5 25. Bd3 Qc5 26. Kh2 Bb5 27. Bxf5 Rxf5 28. Qxf5 Bxf1 29. Qxf1 Qxc2+ 30. Qg2 Qd3 31. Qh3 Qd2+ 32. Qg2 Qd3 33. Qh3 Qxd5 34. Qc8+ Kf7 35. Qd7+ Kf6 36. Qd8+ Kf5 37. Qg5+ Ke4 38. Qxg7 h5 39. Qg6+ Kf3 40. Qf6+ Ke2 41. Qg5 Qf3 42. Qf4 d5 43. Qxb4 Kf1 44. Qf4 Qf2+ 45. Kh3 Kg1 46. Qc1+ Qf1+ 47. Qxf1+ Kxf1 48. g4 d4 49. gxh5 d3 50. h6 d2 51. h7 d1Q 52. h8Q Qf3+ 0-1

[Event "Bunratty Masters op 24th"]
[Site "Bunratty"]
[Date "2017.02.18"]
[Round "2"]
[White "Melaugh, Gavin"]
[Black "Wolferink, Frans"]
[Result "0-1"]
[WhiteElo "1936"]
[BlackElo "2095"]
[PlyCount "72"]
[EventDate "2017.02.17"]
[EventType "swiss"]
[EventRounds "6"]
[EventCountry "IRL"]
[SourceTitle "EXT 2018"]
[Source "ChessBase"]
[SourceDate "2017.10.13"]
[SourceVersion "1"]
[SourceVersionDate "2017.10.13"]
[SourceQuality "1"]

1. c4 Nf6 2. Nc3 d5 3. cxd5 Nxd5 4. g3 g6 5. Bg2 Nb6 6. d3 Bg7 7. Nf3 Nc6 8. Be3 Nd5 9. Nxd5 Qxd5 10. 0-0 Qb5 11. Rb1 Be6 12. b3 0-0 13. Qd2 Rfd8 14. Rfc1 a5 15. Ng5 Bd7 16. Ne4 Nb4 17. a4 Qf5 18. Rc5 Qe6 19. Ng5 Qa6 20. Bf4 Qb6 21. Qe3 Na6 22. Rcc1 Qxe3 23. Bxe3 Rab8 24. Bd5 Be8 25. Bc4 Nb4 26. Bd2 c6 27. Bxb4 axb4 28. e4 e6 29. Rd1 h6 30. Nxe6 fxe6 31. Bxe6+ Bf7 32. Bc4 Rd7 33. f4 Rbd8 34. Re1 Bxc4 35. dxc4 Bc3 36. Re2 Rd1+ 0-1

[Event "Bunratty Masters op 22nd"]
[Site "Bunratty"]
[Date "2015.02.21"]
[Round "2"]
[White "Hayes, Peter J"]
[Black "Wolferink, Frans"]
[Result "1-0"]
[WhiteElo "2099"]
[BlackElo "2084"]
[PlyCount "61"]
[EventDate "2015.02.20"]
[EventType "swiss"]
[EventRounds "6"]
[EventCountry "IRL"]
[SourceTitle "CBM 165 Extra"]
[Source "ChessBase"]
[SourceDate "2015.04.21"]
[SourceVersion "1"]
[SourceVersionDate "2015.04.21"]
[SourceQuality "1"]

1. d4 g6 2. g3 Nf6 3. c4 Bg7 4. Bg2 d5 5. cxd5 Nxd5 6. e4 Nb6 7. Ne2 e5 8. d5 0-0 9. Nbc3 c6 10. 0-0 Qe7 11. a4 a5 12. b3 Na6 13. Be3 Nd7 14. Rc1 Rd8 15. Qd3 Ndc5 16. Qc4 Bd7 17. Rfd1 Rab8 18. Nb5 cxb5 19. axb5 Rbc8 20. bxa6 Nxa6 21. Qd3 Qd6 22. Bd2 Nb4 23. Qe3 a4 24. bxa4 Bxa4 25. Qa3 Bxd1 26. Bxb4 Rxc1 27. Bxd6 Bxe2+ 28. Qxc1 Rxd6 29. Qc8+ Bf8 30. Qxb7 Ra6 31. Qb2 1-0

[Event "Bunratty Masters op 22nd"]
[Site "Bunratty"]
[Date "2015.02.21"]
[Round "3"]
[White "Wolferink, Frans"]
[Black "Harding, Timothy David"]
[Result "1/2-1/2"]
[WhiteElo "2084"]
[BlackElo "2106"]
[PlyCount "50"]
[EventDate "2015.02.20"]
[EventType "swiss"]
[EventRounds "6"]
[EventCountry "IRL"]
[SourceTitle "CBM 165 Extra"]
[Source "ChessBase"]
[SourceDate "2015.04.21"]
[SourceVersion "1"]
[SourceVersionDate "2015.04.21"]
[SourceQuality "1"]

1. e4 e6 2. d4 d5 3. e5 c5 4. c3 Nc6 5. Nf3 Qb6 6. a3 c4 7. Nbd2 Bd7 8. b3 cxb3 9. Nxb3 Na5 10. Nxa5 Qxa5 11. Bd2 Ba4 12. Qb1 Qc7 13. Bd3 Ne7 14. 0-0 Nc6 15. Rc1 Na5 16. Bb5+ Bxb5 17. Qxb5+ Nc6 18. c4 Rd8 19. c5 Be7 20. Rab1 Rd7 21. a4 0-0 22. a5 a6 23. Qa4 Na7 24. Bg5 Nb5 25. Bxe7 Rxe7 1/2-1/2

[Event "Helmond De Legibus op"]
[Site "Helmond"]
[Date "2014.06.29"]
[Round "7"]
[White "De Wit, Albert"]
[Black "Wolferink, Frans"]
[Result "1/2-1/2"]
[WhiteElo "2015"]
[BlackElo "2074"]
[PlyCount "75"]
[EventDate "2014.06.28"]
[EventType "swiss (rapid)"]
[EventRounds "9"]
[EventCountry "NED"]
[SourceTitle "EXT 2018"]
[Source "ChessBase"]
[SourceDate "2017.10.13"]
[SourceVersion "1"]
[SourceVersionDate "2017.10.13"]
[SourceQuality "1"]

1. e4 g6 2. f4 d5 3. e5 c5 4. c3 Nc6 5. d4 cxd4 6. cxd4 Qb6 7. Nc3 Qxd4 8. Nxd5 Qxd1+ 9. Kxd1 Bg4+ 10. Be2 Bxe2+ 11. Kxe2 0-0-0 12. Ne3 f6 13. exf6 exf6 14. Nf3 Bd6 15. g3 Nh6 16. Re1 Rhe8 17. Kf1 Bb4 18. Re2 Bc5 19. Nc2 Rd1+ 20. Re1 Rdxe1+ 21. Ncxe1 Nf5 22. Bd2 Ne3+ 23. Bxe3 Rxe3 24. Rc1 b6 25. Rc3 Rxc3 26. bxc3 Na5 27. Nd4 Kd7 28. Ke2 a6 29. Kd3 b5 30. Nec2 Nc4 31. Nb4 Bxb4 32. cxb4 Kd6 33. Nb3 Kd5 34. Nc5 a5 35. Nd7 Ke6 36. Nc5+ Kd5 37. Nd7 Ke6 38. Nc5+ 1/2-1/2

[Event "Bunratty Masters op 20th"]
[Site "Bunratty"]
[Date "2013.03.02"]
[Round "4"]
[White "Cooper, Lawrence"]
[Black "Wolferink, Frans"]
[Result "1/2-1/2"]
[WhiteElo "2317"]
[BlackElo "2077"]
[PlyCount "81"]
[EventDate "2013.03.01"]
[EventType "swiss"]
[EventRounds "6"]
[EventCountry "IRL"]
[SourceTitle "CBM 153 Extra"]
[Source "ChessBase"]
[SourceDate "2013.04.22"]
[SourceVersion "1"]
[SourceVersionDate "2013.04.22"]
[SourceQuality "1"]

1. d4 Nf6 2. c4 g6 3. Nc3 d5 4. Bf4 Bg7 5. e3 c5 6. dxc5 Qa5 7. Rc1 dxc4 8. Bxc4 0-0 9. Nge2 Qxc5 10. Bb3 Nc6 11. 0-0 Qa5 12. Nd4 Bd7 13. Bg3 Rfd8 14. Nxc6 Bxc6 15. Qe2 Rd7 16. Qc4 e6 17. Ba4 Bxa4 18. Nxa4 Qd5 19. Nc5 Qxc4 20. Rxc4 Rd2 21. Be5 Rc8 22. Rcc1 b6 23. Nb3 Rdc2 24. Rxc2 Rxc2 25. Rc1 Rxc1+ 26. Nxc1 Ne4 27. Bxg7 Kxg7 28. Kf1 Kf6 29. Ke2 Ke5 30. Nd3+ Kd5 31. Nb4+ Kc5 32. Nd3+ Kd5 33. f3 Nc5 34. Nb4+ Kd6 35. Kd2 a5 36. Nc2 Kd5 37. e4+ Kc4 38. Na3+ Kb4 39. Nc2+ Kc4 40. Ne3+ Kd4 41. Nc2+ 1/2-1/2

[Event "Bunratty Masters op 18th"]
[Site "Bunratty"]
[Date "2011.02.27"]
[Round "6"]
[White "Fox, Anthony"]
[Black "Wolferink, Frans"]
[Result "0-1"]
[WhiteElo "2115"]
[BlackElo "2097"]
[PlyCount "70"]
[EventDate "2011.02.25"]
[EventType "swiss"]
[EventRounds "6"]
[EventCountry "IRL"]
[SourceTitle "CBM 141 Extra"]
[Source "ChessBase"]
[SourceDate "2011.05.03"]
[SourceVersion "1"]
[SourceVersionDate "2011.05.03"]
[SourceQuality "1"]

1. e4 g6 2. d4 Bg7 3. Nf3 c6 4. c3 d5 5. e5 Bg4 6. Nbd2 c5 7. h3 Bxf3 8. Nxf3 Nc6 9. Bd3 e6 10. 0-0 Nge7 11. Re1 cxd4 12. cxd4 Qb6 13. Qa4 0-0 14. a3 Na5 15. b4 Nc4 16. Qb3 Rac8 17. Be3 Nc6 18. Rab1 Qd8 19. b5 N6a5 20. Qa2 Qe7 21. a4 Nxe3 22. fxe3 Rc3 23. Qe2 Rfc8 24. e4 Bh6 25. exd5 exd5 26. g3 Qe6 27. Kh2 Nb3 28. Rbd1 Nc1 29. Qf1 Nxd3 30. Rxd3 Rc2+ 31. Re2 Qf5 32. Rxc2 Rxc2+ 33. Kg1 Qe4 34. h4 Be3+ 35. Kh1 Rf2 0-1

[Event "Bunratty Masters op 17th"]
[Site "Bunratty"]
[Date "2010.02.19"]
[Round "2"]
[White "Doyle, Hugh"]
[Black "Wolferink, Frans"]
[Result "1/2-1/2"]
[WhiteElo "1884"]
[BlackElo "2097"]
[PlyCount "65"]
[EventDate "2010.02.19"]
[EventType "swiss"]
[EventRounds "6"]
[EventCountry "IRL"]
[SourceTitle "CBM 135 Extra"]
[Source "ChessBase"]
[SourceDate "2010.05.04"]
[SourceVersion "1"]
[SourceVersionDate "2010.05.04"]
[SourceQuality "1"]

1. c4 Nf6 2. Nc3 d5 3. cxd5 Nxd5 4. g3 g6 5. Bg2 Nxc3 6. bxc3 Bg7 7. Rb1 Nc6 8. Qa4 0-0 9. Bxc6 bxc6 10. Qxc6 Be6 11. Qa4 Qd5 12. Nf3 Qxa2 13. Qxa2 Bxa2 14. Rb7 Rfc8 15. Ba3 Bc4 16. d4 Bh6 17. e4 Bd3 18. Rb4 a5 19. Rb2 Rab8 20. Nd2 Rxb2 21. Bxb2 Rb8 22. Bc1 Bxe4 23. Nxe4 Bxc1 24. Kd1 Bb2 25. Kc2 f5 26. Nd2 a4 27. Nc4 a3 28. Re1 Kf8 29. Ne5 Ke8 30. Nc6 Rb6 31. Nxe7 Kd8 32. Nd5 Rb5 33. Nb4 1/2-1/2

[Event "Bunratty Masters op 17th"]
[Site "Bunratty"]
[Date "2010.02.19"]
[Round "1"]
[White "Wolferink, Frans"]
[Black "Porter, Liam"]
[Result "1-0"]
[WhiteElo "2097"]
[BlackElo "1987"]
[PlyCount "67"]
[EventDate "2010.02.19"]
[EventType "swiss"]
[EventRounds "6"]
[EventCountry "IRL"]
[SourceTitle "CBM 135 Extra"]
[Source "ChessBase"]
[SourceDate "2010.05.04"]
[SourceVersion "1"]
[SourceVersionDate "2010.05.04"]
[SourceQuality "1"]

1. e4 e5 2. Nf3 f5 3. Nxe5 Qf6 4. d4 d6 5. Nc4 fxe4 6. Nc3 Bf5 7. g4 Bg6 8. Bg2 Nc6 9. Be3 d5 10. Nxd5 Qf7 11. Nxc7+ Qxc7 12. c3 Nf6 13. Qe2 b5 14. Nd2 Bd6 15. h4 0-0 16. h5 Bf7 17. Nxe4 Bc4 18. Nxf6+ Rxf6 19. Qd2 b4 20. g5 Rff8 21. Rh4 Rae8 22. Re4 bxc3 23. bxc3 Rb8 24. g6 h6 25. Bh3 Ba3 26. Bxh6 Rb2 27. Qg5 Qh2 28. Qg2 Qxg2 29. Bxg2 Rfxf2 30. Re8+ Bf8 31. Bh3 Rh2 32. Bf1 Rh1 33. 0-0-0 Rxa2 34. Bxc4+ 1-0

[Event "Oban op"]
[Site "Oban"]
[Date "2008.11.30"]
[Round "5"]
[White "MacQueen, Calum"]
[Black "Wolferink, Frans"]
[Result "1/2-1/2"]
[WhiteElo "2035"]
[BlackElo "2131"]
[PlyCount "101"]
[EventDate "2008.11.28"]
[EventType "swiss"]
[EventRounds "5"]
[EventCountry "SCO"]
[SourceTitle "EXT 2011"]
[Source "ChessBase"]
[SourceDate "2010.11.26"]
[SourceVersion "1"]
[SourceVersionDate "2010.11.26"]
[SourceQuality "1"]

1. e4 g6 2. d4 Bg7 3. c4 d6 4. Nc3 Nc6 5. Be3 e5 6. Nf3 exd4 7. Nxd4 Nge7 8. Be2 0-0 9. 0-0 f5 10. exf5 Nxf5 11. Nxf5 Bxf5 12. c5 Kh8 13. Qb3 Nd4 14. Bxd4 Bxd4 15. cxd6 cxd6 16. Rad1 Bg7 17. Nb5 Qe7 18. Bf3 Be5 19. Rfe1 Be6 20. Qe3 Rae8 21. Nxd6 Bxd6 22. Qd4+ Kg8 23. Qxd6 Qxd6 24. Rxd6 Bxa2 25. Rxe8 Rxe8 26. h4 Re7 27. h5 Kg7 28. Kh2 b5 29. hxg6 hxg6 30. Kg3 a5 31. Ra6 a4 32. Rb6 Bc4 33. Kf4 Rf7+ 34. Ke3 Re7+ 35. Kf4 Re1 36. g4 Rb1 37. Rxg6+ Kf7 38. Ra6 Rxb2 39. g5 Rxf2 40. Ke3 Rh2 41. Kd4 Rh3 42. Be4 Rg3 43. g6+ Kg7 44. Ra5 a3 45. Bc6 Rb3 46. Be8 Rd3+ 47. Kc5 Rd5+ 48. Kb4 a2 49. Bf7 Rd4 50. Bxc4 Rxc4+ 51. Kxb5 1/2-1/2

[Event "Oban op"]
[Site "Oban"]
[Date "2008.11.30"]
[Round "4"]
[White "Wolferink, Frans"]
[Black "Goral, Alex"]
[Result "1/2-1/2"]
[WhiteElo "2131"]
[BlackElo "1798"]
[PlyCount "101"]
[EventDate "2008.11.28"]
[EventType "swiss"]
[EventRounds "5"]
[EventCountry "SCO"]
[SourceTitle "EXT 2011"]
[Source "ChessBase"]
[SourceDate "2010.11.26"]
[SourceVersion "1"]
[SourceVersionDate "2010.11.26"]
[SourceQuality "1"]

1. e4 e5 2. Nf3 Nc6 3. d4 exd4 4. Bc4 d6 5. Nxd4 Qf6 6. Be3 Ne5 7. Bb3 a6 8. Nc3 Be6 9. Nxe6 fxe6 10. 0-0 Qg6 11. f4 Ng4 12. Qf3 Nxe3 13. Qxe3 Be7 14. f5 Qg5 15. Qxg5 Bxg5 16. Bxe6 Nf6 17. Rad1 Nd7 18. Nd5 0-0-0 19. f6 gxf6 20. Nxf6 Bxf6 21. Rxf6 Kb8 22. Bxd7 Rxd7 23. e5 Rhd8 24. exd6 cxd6 25. Rd5 Kc7 26. Rdf5 Re8 27. Rf7 Rde7 28. Rxe7+ Rxe7 29. Kf2 Kd7 30. g4 Ke6 31. c4 Rc7 32. b3 b5 33. Rf4 d5 34. cxd5+ Kxd5 35. Kg3 Rc3+ 36. Rf3 b4 37. Kf4 Rc2 38. Rh3 Rxa2 39. Rxh7 Rf2+ 40. Ke3 Rb2 41. Rh5+ Ke6 42. Kd4 Rxb3 43. Rh6+ Kf7 44. Rxa6 Rh3 45. Ra2 b3 46. Rg2 Kg6 47. g5 b2 48. Rxb2 Kxg5 49. Ke4 Kg4 50. Rg2+ Kh4 51. Rg3 1/2-1/2

[Event "Vlissingen HZ op 12th"]
[Site "Vlissingen"]
[Date "2008.08.05"]
[Round "5"]
[White "Wolferink, Frans"]
[Black "Westerweele, Maarten"]
[Result "1-0"]
[WhiteElo "2136"]
[BlackElo "1950"]
[PlyCount "40"]
[EventDate "2008.08.02"]
[EventType "swiss"]
[EventRounds "9"]
[EventCountry "NED"]
[SourceTitle "CBM 125 Extra"]
[Source "ChessBase"]
[SourceDate "2008.09.01"]
[SourceVersion "1"]
[SourceVersionDate "2008.09.01"]
[SourceQuality "1"]

1. e4 e6 2. d4 d5 3. Nc3 Bb4 4. e5 c5 5. a3 Bxc3+ 6. bxc3 Ne7 7. h4 Nbc6 8. h5 Qa5 9. Bd2 Qa4 10. Nf3 Bd7 11. h6 g6 12. Rb1 Na5 13. Bg5 Nc4 14. Bf6 Rg8 15. dxc5 Nxa3 16. Rh4 Qa5 17. Rb3 Nf5 18. Rhb4 Bc6 19. g4 Nxh6 20. Qc1 Nxg4 1-0

[Event "Groningen Harmonie op-C"]
[Site "Groningen"]
[Date "2007.12.21"]
[Round "1"]
[White "Wolferink, Frans"]
[Black "Van Kooten, Luuk"]
[Result "1/2-1/2"]
[WhiteElo "2136"]
[BlackElo "2283"]
[PlyCount "69"]
[EventDate "2007.12.21"]
[EventType "swiss"]
[EventRounds "5"]
[EventCountry "NED"]
[SourceTitle "CBM 121 Extra"]
[Source "ChessBase"]
[SourceDate "2008.01.10"]
[SourceVersion "1"]
[SourceVersionDate "2008.01.10"]
[SourceQuality "1"]

1. e4 c5 2. Nf3 Nc6 3. Bb5 g6 4. 0-0 Bg7 5. c3 Nf6 6. Qe2 0-0 7. d4 cxd4 8. cxd4 d5 9. e5 Ne4 10. Rd1 Qb6 11. Be3 f6 12. Ne1 Bd7 13. Bxc6 Qxc6 14. f3 Ng5 15. Bxg5 fxg5 16. Nc3 Rac8 17. Nd3 e6 18. Rac1 b6 19. Qe3 h6 20. b3 Qb7 21. a4 a5 22. h3 Bc6 23. f4 Qe7 24. Rf1 Bd7 25. Ne2 Kh7 26. fxg5 Qxg5 27. Qxg5 hxg5 28. Rxc8 Rxf1+ 29. Kxf1 Bxc8 30. g4 Ba6 31. Nec1 Bf8 32. Ke2 Ba3 33. Na2 Bb2 34. Ke3 Ba1 35. Nac1 1/2-1/2

[Event "Oban op"]
[Site "Oban"]
[Date "2007.12.01"]
[Round "3"]
[White "Wolferink, Frans"]
[Black "Wuts, Frank"]
[Result "1/2-1/2"]
[WhiteElo "2152"]
[BlackElo "2277"]
[PlyCount "41"]
[EventDate "2007.11.30"]
[EventType "swiss"]
[EventRounds "5"]
[EventCountry "SCO"]
[SourceTitle "EXT 2023"]
[Source "ChessBase"]
[SourceDate "2022.10.05"]
[SourceVersion "1"]
[SourceVersionDate "2022.10.05"]
[SourceQuality "1"]

1. e4 d5 2. exd5 Qxd5 3. Nc3 Qa5 4. d4 Nf6 5. Nf3 Bg4 6. Be2 Nbd7 7. 0-0 e6 8. h3 Bh5 9. Ne5 Nxe5 10. Bxh5 Nc4 11. Bf3 c6 12. Qd3 Nd6 13. Bd2 Qf5 14. Qxf5 Nxf5 15. Be3 Bb4 16. Ne4 Nd5 17. c3 Ndxe3 18. fxe3 Be7 19. Rae1 Bh4 20. Re2 Ng3 21. Nxg3 1/2-1/2

[Event "Oban op"]
[Site "Oban"]
[Date "2007.11.30"]
[Round "1"]
[White "Wolferink, Frans"]
[Black "Tsang, Sai Kong"]
[Result "1-0"]
[WhiteElo "2152"]
[BlackElo "1853"]
[PlyCount "129"]
[EventDate "2007.11.30"]
[EventType "swiss"]
[EventRounds "5"]
[EventCountry "SCO"]
[SourceTitle "EXT 2023"]
[Source "ChessBase"]
[SourceDate "2022.10.05"]
[SourceVersion "1"]
[SourceVersionDate "2022.10.05"]
[SourceQuality "1"]

1. e4 c5 2. Nf3 d6 3. d4 cxd4 4. Nxd4 Nf6 5. Nc3 Nc6 6. Be2 e6 7. 0-0 Be7 8. f4 a6 9. Be3 Qc7 10. Nb3 b5 11. Bf3 Bb7 12. a3 Rd8 13. Qe1 d5 14. exd5 exd5 15. Rd1 0-0 16. Nxd5 Nxd5 17. Bxd5 Bf6 18. Qf2 Qc8 19. c3 Qf5 20. Bf3 Ba8 21. g4 Qc8 22. Bb6 Rde8 23. Rfe1 Bd8 24. Bc5 Be7 25. Be3 Rd8 26. Bb6 Rde8 27. Qg2 Bd8 28. Bc5 Be7 29. Bf2 Rd8 30. Bd5 Rfe8 31. h3 Bf8 32. Rxe8 Rxe8 33. Nd4 Nxd4 34. Bxd4 Bxd5 35. Qxd5 Rd8 36. Qf3 Re8 37. Kf2 Qc4 38. Qd3 Qc6 39. Be5 Qb6+ 40. Kg2 f6 41. Bd4 Qe6 42. Kf2 Bd6 43. Be3 Kh8 44. Qd4 Bc7 45. Rd3 h5 46. Kf3 f5 47. gxf5 Qxf5 48. Qd7 Qe4+ 49. Kf2 Rd8 50. Rd4 Qc2+ 51. Rd2 Rxd7 52. Rxc2 Rf7 53. Kg3 Kh7 54. h4 Kg6 55. Rd2 Kf5 56. Kf3 Ke6 57. Ke4 Kf6 58. Bd4+ Ke6 59. Be5 Bxe5 60. fxe5 Rf1 61. Rd6+ Ke7 62. Rxa6 Re1+ 63. Kf5 Rf1+ 64. Kg6 Rg1+ 65. Kxh5 1-0

[Event "Bunratty Masters op 14th"]
[Site "Bunratty"]
[Date "2007.02.25"]
[Round "6"]
[White "Wolferink, Frans"]
[Black "Collins, Sam E"]
[Result "1/2-1/2"]
[WhiteElo "2149"]
[BlackElo "2398"]
[PlyCount "39"]
[EventDate "2007.02.23"]
[EventType "swiss"]
[EventRounds "6"]
[EventCountry "IRL"]
[SourceTitle "CBM 117 Extra"]
[Source "ChessBase"]
[SourceDate "2007.05.09"]
[SourceVersion "1"]
[SourceVersionDate "2007.05.09"]
[SourceQuality "1"]

1. e4 d6 2. d4 Nf6 3. Nc3 e5 4. Bg5 Be7 5. dxe5 dxe5 6. Nf3 Nbd7 7. Bc4 0-0 8. 0-0 c6 9. a4 h6 10. Bh4 Nh5 11. Bg3 Nxg3 12. hxg3 Bb4 13. Na2 Bc5 14. Nc1 Qf6 15. Nd3 Bd6 16. b4 Nb6 17. Bb3 Bg4 18. Qe2 Rfe8 19. Qe3 Bxf3 20. gxf3 1/2-1/2

[Event "Bunratty Masters op 14th"]
[Site "Bunratty"]
[Date "2007.02.25"]
[Round "5"]
[White "Wolferink, Frans"]
[Black "Healy, Tom"]
[Result "1-0"]
[WhiteElo "2149"]
[BlackElo "2020"]
[PlyCount "39"]
[EventDate "2007.02.23"]
[EventType "swiss"]
[EventRounds "6"]
[EventCountry "IRL"]
[SourceTitle "CBM 117 Extra"]
[Source "ChessBase"]
[SourceDate "2007.05.09"]
[SourceVersion "1"]
[SourceVersionDate "2007.05.09"]
[SourceQuality "1"]

1. e4 e5 2. Nf3 Nc6 3. d4 exd4 4. Bc4 Be7 5. c3 Nf6 6. e5 Ne4 7. Bd5 Ng5 8. Nxg5 Bxg5 9. Qh5 Qe7 10. Qxg5 f6 11. Qh5+ g6 12. Qe2 Nxe5 13. cxd4 Nd3+ 14. Kd1 Nxc1 15. Qxe7+ Kxe7 16. Kxc1 Kd6 17. Nc3 c6 18. Bf3 Rf8 19. Re1 b5 20. Nxb5+ 1-0